000 00322nam a22001577a 4500
020 _a81-85617-98-8
041 _aENG
100 _aChapman.W.A.J
245 _aWorkshop Technology 3
250 _aThird
260 _aDelhi
_bViva Books
_c1998
300 _a675
650 _aFMP
700 _aMartin S.J
856 _uFMP
999 _c260
_d260